Determination of Public Supervision Aspects and Legal Pillars of Activities of Financial Agents in Central European Countries

Príspevok sa zaoberá úvahou de lege ferenda, zmenou príslušnej legislatívy, podľa ktorej by podriadení finanční agenti mohli patriť medzi dohliadané subjekty finančného trhu. Autori uvádzajú klady a zápory priameho dohľadu nad týmto subjektom, ktorý vykonáva Národná banka Slovenska. Príspevok sa pri...

Ausführliche Beschreibung

Gespeichert in:
Bibliographische Detailangaben
1. Verfasser: Sidak, Mikuláš
Weitere Verfasser: Slezáková, Andrea, 1980-, Hajnišová, Edita, Filip, Stanislav
Format: Buchkapitel
Sprache:Englisch
Schlagworte:
Tags: Tag hinzufügen
Keine Tags, Fügen Sie das erste Tag hinzu!

MARC

LEADER 00000naa a2200000 4500
001 0296582
005 20240502083955.2
041 0 |a eng 
044 |a CH 
245 1 0 |a Determination of Public Supervision Aspects and Legal Pillars of Activities of Financial Agents in Central European Countries  |c Mikuláš Sidak, Andrea Slezáková, Edita Hajnišová, Stanislav Filip 
520 |a Príspevok sa zaoberá úvahou de lege ferenda, zmenou príslušnej legislatívy, podľa ktorej by podriadení finanční agenti mohli patriť medzi dohliadané subjekty finančného trhu. Autori uvádzajú klady a zápory priameho dohľadu nad týmto subjektom, ktorý vykonáva Národná banka Slovenska. Príspevok sa pripravuje pomocou analýzy, syntézy, induktívnej metódy, deduktívnej metódy a porovnávacej metódy. 
610 2 0 |a služby finančné 
610 2 0 |a zákony 
610 2 0 |a dohľad bankový 
610 2 0 |a trh finančný 
100 1 |a Sidak, Mikuláš 
700 1 |a Slezáková, Andrea, 1980- 
700 1 |a Hajnišová, Edita 
700 1 |a Filip, Stanislav